000 00716nam a2200229 4500
003 OSt
005 20211026121453.0
008 s2004 it fre u
020 _a2203173033
020 _a9782203173033
040 _aLB-BrCRDP
082 1 _aA.
_bDUR.
100 1 _aDurand, Jean-Benoît
245 1 0 _aX19 Cap sur le pôle nord
_cJean-Benoît Durand
260 _aItalie
_bCasterman
_c2004
300 _a39 p.
_c16*22 cm.
490 0 _aLes grandes premières
650 _aDocumentaires -- Contexte historique -- Les avancées scientifiques et technologiques.
650 _aDocumentaires -- Contexte historique
942 _cBK
_2ddc
999 _c5975
_d5975